• 首页
  • 本馆介绍
  • 公告通知
  • 最新文献
  • 馆藏检索
  • 电子资源
  • 读者导购
  • 参考咨询
  • 我的图书馆
  • 登录
  • 详细信息显示
  • 放入我的书架
  • 预约/预借图书
  • 作者相关作品
  • 分类相关作品
  • 丛书相关作品
  • 出版社相关作品

书目信息

  • 表格格式
  • 工作单格式
  • 卡片格式
题名:
统计学
    
 
作者: 孙允午 主编
分册:  
出版信息: 上海   上海财经大学出版社  2006
页数: 393页
开本: 23cm
丛书名:
单 册:
中图分类: C812
科图分类:
主题词: 统计学--高等学校--教材 , 统计--方法
电子资源:
ISBN: 7-81098-562-0
000 00953nam0 2200265 450
001 010700018764
005 20061115152610.85
010    @a7-81098-562-0@dCNY35.00
100    @a20060329d2006 em y0chiy0110 ea
101 0  @achi
102    @aCN@b310000
105    @aak z 000yy
200 1  @a统计学@9tong ji xue@e数据的搜集、整理和分析@f孙允午主编
210    @a上海@c上海财经大学出版社@d2006
215    @a393页@c图@d23cm@e1光盘
300    @a高等院校精品课系列教材
307    @a附光盘:ISBN 7-900686-11-8
330    @a本书除给出有关统计的重要术语外,重点围绕统计数据和数据的搜集、整理与分析展开,增加了五数概括、箱线图、残差分析、回归模型等内容,为学习计量经济学等后续课程打下了基础。
517 1  @a数据的搜集、整理和分析@9shu ju de sou ji、 zheng li he fen xi
606 0  @a统计学@x高等学校@j教材
606 0  @a统计@x方法
690    @aC812@v4
701  0 @a孙允午@9sun yun wu@4主编
801  0 @aCN@bRENTIAN@c20061115
905    @a10447@dC812@e56
    
    统计学:数据的搜集、整理和分析/孙允午主编.-上海:上海财经大学出版社,2006
    393页:图;23cm+1光盘
    高等院校精品课系列教材
    
    ISBN 7-81098-562-0:CNY35.00
    本书除给出有关统计的重要术语外,重点围绕统计数据和数据的搜集、整理与分析展开,增加了五数概括、箱线图、残差分析、回归模型等内容,为学习计量经济学等后续课程打下了基础。
●
相关链接 在E读中查询图书 在五车中查询图书 在当当中查询图书 在豆瓣中查询图书


正题名:统计学     索取号:C812/56         预约/预借

序号 登录号 条形码 馆藏地/架位号 状态 备注
1 0391455   203914559   第一样本阅览室/ [索取号:C812/56] 在馆    
2 0391456   203914568   第一借阅区/ [索取号:C812/56] 在馆    
3 0391457   203914577   第一借阅区/ [索取号:C812/56] 在馆    
4 0391458   203914586   第一借阅区/ [索取号:C812/56] 在馆    
5 0391459   203914595   第一借阅区/ [索取号:C812/56] 在馆    
唐山师范学院图书馆 欢迎您!
大连网信软件有限公司© 版权所有